00399nam a2200109Ia 4500008004100000082000800041100005900049245006500108942000600173952009500179999001500274240331s9999 xx 000 0 und d bREA aThe reader's digest great encyclopaedic Dictionary. ed 4aThe reader's digest great encyclopaedic Dictionary :bvol. 2 cL 001040708LaWERCLbWERCLcSSCd2024-03-31l0o 030 REAp3251r2024-03-31w2024-03-31yL c3276d3276